[Event "Sivakasi Mahalingam Cup"]
[Site "Sivakasi"]
[Date "2023.07.25"]
[Round "9"]
[White "Maheswaran, Palsamy"]
[Black "Srihari, KR."]
[Result "1-0"]
[WhiteElo "2058"]
[BlackElo "1543"]
[PlyCount "91"]
[EventDate "2023.07.21"]
[EventType "swiss"]
[EventRounds "9"]
[EventCountry "IND"]
[SourceTitle "EXT 2024"]
[Source "ChessBase"]
[SourceDate "2023.10.10"]
[SourceVersion "1"]
[SourceVersionDate "2023.10.10"]
[SourceQuality "1"]

1. d4 f5 2. c4 Nf6 3. Nc3 e6 4. Nf3 Be7 5. g3 0-0 6. Bg2 d6 7. 0-0 Ne4 8. Nxe4 fxe4 9. Ne1 d5 10. Be3 Nc6 11. Rc1 Na5 12. b3 Bd7 13. Qc2 Nc6 14. f3 Bg5 15. Qd2 Bxe3+ 16. Qxe3 Be8 17. fxe4 Rxf1+ 18. Bxf1 dxc4 19. Rxc4 b5 20. Rc1 Nxd4 21. Nf3 Nxf3+ 22. exf3 c6 23. Bh3 e5 24. Be6+ Kh8 25. Qc5 Qd4+ 26. Qxd4 exd4 27. f4 g6 28. Kf2 Kg7 29. e5 Kf8 30. Ke2 a5 31. Kd3 Ke7 32. Bg4 a4 33. Kxd4 axb3 34. axb3 Ra2 35. Bf3 Rd2+ 36. Kc5 Rd8 37. b4 h5 38. Rc2 Bd7 39. Rd2 Rc8 40. Be4 h4 41. Bxg6 hxg3 42. f5 gxh2 43. Rxh2 Rf8 44. Rh7+ Kd8 45. Kd6 Bxf5 46. Bxf5 1-0